[Event "Cheliabinsk Kurnosov Memorial Rapid"]
[Site "Cheliabinsk"]
[Date "2023.09.09"]
[Round "8"]
[White "Somkin, Kirill"]
[Black "Gutenev, Alexander"]
[Result "0-1"]
[WhiteElo "2185"]
[BlackElo "2455"]
[PlyCount "60"]
[EventDate "2023.09.08"]
[EventType "swiss (rapid)"]
[EventRounds "11"]
[EventCountry "RUS"]
[SourceTitle "EXT 2024"]
[Source "ChessBase"]
[SourceDate "2023.10.10"]
[SourceVersion "1"]
[SourceVersionDate "2023.10.10"]
[SourceQuality "1"]

1. d4 Nf6 2. Nc3 d5 3. Bf4 a6 4. e3 e6 5. g4 Bb4 6. Bg2 c5 7. g5 Nfd7 8. Nge2 Nc6 9. 0-0 cxd4 10. exd4 Be7 11. Qd2 b5 12. Ng3 0-0 13. Nce2 a5 14. c3 b4 15. c4 Nb6 16. b3 Bb7 17. c5 Nd7 18. Be3 a4 19. f4 g6 20. Rfb1 Qa5 21. Nc1 axb3 22. Nxb3 Qc7 23. Bf1 Ra3 24. Nc1 Rxe3 25. Qxe3 Nxd4 26. Qd3 Bxc5 27. Kh1 Qxf4 28. Bg2 Ne5 29. Qd1 Ba6 30. Nb3 Nd3 0-1

[Event "Cheliabinsk Kurnosov Memorial Rapid"]
[Site "Cheliabinsk"]
[Date "2023.09.08"]
[Round "1"]
[White "Gutenev, Alexander"]
[Black "Sokolov, Vladimir1111"]
[Result "1-0"]
[WhiteElo "2455"]
[BlackElo "1909"]
[PlyCount "83"]
[EventDate "2023.09.08"]
[EventType "swiss (rapid)"]
[EventRounds "11"]
[EventCountry "RUS"]
[SourceTitle "EXT 2024"]
[Source "ChessBase"]
[SourceDate "2023.10.10"]
[SourceVersion "1"]
[SourceVersionDate "2023.10.10"]
[SourceQuality "1"]

1. e4 c5 2. Nc3 Nc6 3. Bb5 e5 4. d3 Nge7 5. Nf3 g6 6. h4 h6 7. Be3 d6 8. Qd2 Bg7 9. a4 Be6 10. a5 a6 11. Ba4 f5 12. g3 Bd7 13. Nd5 Nxd5 14. exd5 Nd4 15. Ng1 Bxa4 16. Rxa4 Qd7 17. Ra2 Qf7 18. c4 e4 19. Kf1 exd3 20. Kg2 0-0 21. Qxd3 Rae8 22. Nh3 Qe7 23. Nf4 Kh7 24. h5 Qe4+ 25. Qxe4 Rxe4 26. hxg6+ Kg8 27. Bxd4 Bxd4 28. b3 Be5 29. Ne6 Rf6 30. Rxh6 f4 31. gxf4 Bxf4 32. Rh4 Rf5 33. Kf3 Bg5+ 34. Kxe4 Re5+ 35. Kd3 Bxh4 36. f4 Re1 37. Rh2 Bf6 38. g7 Kf7 39. Rh8 Bxg7 40. Rh7 Rg1 41. Ke4 Kf6 42. Rxg7 1-0

[Event "Cheliabinsk Kurnosov Memorial Rapid"]
[Site "Cheliabinsk"]
[Date "2023.09.08"]
[Round "2"]
[White "Tarasov, Yaroslav"]
[Black "Gutenev, Alexander"]
[Result "1/2-1/2"]
[WhiteElo "1914"]
[BlackElo "2455"]
[PlyCount "136"]
[EventDate "2023.09.08"]
[EventType "swiss (rapid)"]
[EventRounds "11"]
[EventCountry "RUS"]
[SourceTitle "EXT 2024"]
[Source "ChessBase"]
[SourceDate "2023.10.10"]
[SourceVersion "1"]
[SourceVersionDate "2023.10.10"]
[SourceQuality "1"]

1. e4 c5 2. Nf3 Nc6 3. Bb5 g6 4. 0-0 Bg7 5. Re1 Nf6 6. e5 Nd5 7. Nc3 Nc7 8. Bxc6 dxc6 9. h3 0-0 10. d3 b6 11. a4 a5 12. Ne4 Bf5 13. Qe2 Qd5 14. Ng3 Be6 15. b3 Rae8 16. Bb2 f5 17. Rad1 h6 18. c4 Qd8 19. d4 cxd4 20. Nxd4 Qa8 21. f4 Rd8 22. Qf3 Bd7 23. Nc2 c5 24. Qxa8 Nxa8 25. Ne3 Bc6 26. Nd5 Bxd5 27. cxd5 Nc7 28. d6 exd6 29. exd6 Bxb2 30. dxc7 Rxd1 31. Rxd1 Bd4+ 32. Kf1 Rc8 33. Ne2 Rxc7 34. Nxd4 Rd7 35. Ke2 cxd4 36. Kd3 Kf7 37. Rc1 Re7 38. Rc4 Re3+ 39. Kxd4 Rxb3 40. Ke5 Re3+ 41. Kd5 Rg3 42. Rc7+ Ke8 43. Rb7 Rb3 44. Kc6 Rb4 45. Rxb6 Rxa4 46. Kb5 Rxf4 47. Rxg6 h5 48. Kxa5 Kf7 49. Rg5 h4 50. Kb5 Kf6 51. Rg8 Re4 52. Kc5 Ke5 53. Rh8 Ra4 54. Rh7 Rf4 55. Re7+ Kf6 56. Rh7 Ra4 57. Kd5 Kg5 58. Ke5 Re4+ 59. Kd5 Ra4 60. Rh8 Kf6 61. Rf8+ Kg6 62. Rg8+ Kh7 63. Rg5 Kh6 64. Rxf5 Ra2 65. Rf4 Rxg2 66. Rxh4+ Kg5 67. Rg4+ Rxg4 68. hxg4 Kxg4 1/2-1/2

[Event "Titled Tuesday intern op 29th Aug Late"]
[Site "Chess.com INT"]
[Date "2023.08.29"]
[Round "10"]
[White "Czerw, Dawid"]
[Black "Gutenev, Alexander"]
[Result "0-1"]
[WhiteElo "2400"]
[BlackElo "2455"]
[PlyCount "48"]
[EventDate "2023.08.29"]
[EventType "swiss (blitz)"]
[EventRounds "11"]
[EventCountry "USA"]
[SourceTitle "EXT 2024"]
[Source "ChessBase"]
[SourceDate "2023.10.10"]
[SourceVersion "1"]
[SourceVersionDate "2023.10.10"]
[SourceQuality "1"]

1. d4 Nf6 2. c4 b6 3. f3 Nc6 4. e4 e5 5. Ne2 exd4 6. Nxd4 Bb4+ 7. Bd2 Nxe4 8. Nxc6 Qh4+ 9. g3 Nxg3 10. Nxb4 Nxh1+ 11. Ke2 Qxh2+ 12. Ke3 Qe5+ 13. Kd3 Nf2+ 14. Kc2 Nxd1 15. Kxd1 Qxb2 16. Bc3 Qf2 17. Nd2 0-0 18. Bd3 Re8 19. Kc2 Re1 20. Bxh7+ Kxh7 21. Nd3 Rxa1 22. Nxf2 Rxa2+ 23. Kb3 Rxd2 24. Bxd2 Bb7 0-1

[Event "Titled Tuesday intern op 29th Aug Late"]
[Site "Chess.com INT"]
[Date "2023.08.29"]
[Round "6"]
[White "Gutenev, Alexander"]
[Black "Asish, Panda"]
[Result "1-0"]
[WhiteElo "2455"]
[BlackElo "1731"]
[PlyCount "99"]
[EventDate "2023.08.29"]
[EventType "swiss (blitz)"]
[EventRounds "11"]
[EventCountry "USA"]
[SourceTitle "EXT 2024"]
[Source "ChessBase"]
[SourceDate "2023.10.10"]
[SourceVersion "1"]
[SourceVersionDate "2023.10.10"]
[SourceQuality "1"]

1. b3 d5 2. Bb2 Nf6 3. e3 e6 4. g4 h6 5. Bg2 Be7 6. h4 c5 7. g5 hxg5 8. hxg5 Rxh1 9. Bxh1 Nfd7 10. f4 g6 11. Nc3 Nc6 12. Qe2 a6 13. a4 Qa5 14. Nh3 Nb4 15. Kd1 d4 16. Ne4 e5 17. Nhf2 Qc7 18. fxe5 Nxe5 19. c3 d3 20. Qf1 Nc2 21. Rc1 c4 22. Bg2 Ng4 23. bxc4 Ngxe3+ 24. dxe3 Nxe3+ 25. Kd2 Nxf1+ 26. Rxf1 Qf4+ 27. Kxd3 Bf5 28. Ke2 0-0-0 29. Bc1 Bg4+ 30. Nxg4 Qxg4+ 31. Bf3 Qh4 32. Rh1 Qxh1 33. Bxh1 Rh8 34. Bf3 Rh2+ 35. Kd3 Ra2 36. Bd1 Kc7 37. c5 Kc6 38. Bb3 Rh2 39. Bxf7 Rh3+ 40. Kd4 Rh2 41. Bxg6 Rh1 42. Be8+ Kc7 43. Bf4+ Kd8 44. Bf7 Re1 45. g6 Rd1+ 46. Ke5 Re1 47. Kf5 Bf8 48. Be5 Bg7 49. Bxg7 Ke7 50. Bf6+ 1-0

[Event "Titled Tuesday intern op 29th Aug Late"]
[Site "Chess.com INT"]
[Date "2023.08.29"]
[Round "1"]
[White "Gutenev, Alexander"]
[Black "Dzierzak, Radoslaw"]
[Result "1-0"]
[WhiteElo "2455"]
[BlackElo "2220"]
[PlyCount "71"]
[EventDate "2023.08.29"]
[EventType "swiss (blitz)"]
[EventRounds "11"]
[EventCountry "USA"]
[SourceTitle "EXT 2024"]
[Source "ChessBase"]
[SourceDate "2023.10.10"]
[SourceVersion "1"]
[SourceVersionDate "2023.10.10"]
[SourceQuality "1"]

1. e4 c6 2. d4 d5 3. f3 e6 4. Nc3 Bb4 5. Bf4 Ne7 6. Qd3 b6 7. 0-0-0 Ba6 8. Qe3 Bxf1 9. Rxf1 0-0 10. Nge2 c5 11. a3 cxd4 12. Qxd4 Nbc6 13. Qd3 Bd6 14. exd5 exd5 15. Nxd5 Nxd5 16. Qxd5 Bxf4+ 17. Nxf4 Qc7 18. Nh5 Rfd8 19. Qg5 f6 20. Nxf6+ Kh8 21. Nd5 Qf7 22. Nc3 h6 23. Qe3 Re8 24. Qf2 Rac8 25. Rd1 Na5 26. Kb1 Nc4 27. Rd3 Qf6 28. Qd4 Qf8 29. Rhd1 Nxa3+ 30. bxa3 Qxa3 31. Qa4 Qc5 32. Qb3 b5 33. Ne4 Qc6 34. Rd7 Rxe4 35. fxe4 a5 36. Rd8+ 1-0

[Event "Novorossiysk Small Land Blitz op"]
[Site "Novorossiysk"]
[Date "2023.07.29"]
[Round "13"]
[White "Demidov, Mikhail"]
[Black "Gutenev, Alexander"]
[Result "1/2-1/2"]
[WhiteElo "2587"]
[BlackElo "2455"]
[PlyCount "63"]
[EventDate "2023.07.29"]
[EventType "swiss (blitz)"]
[EventRounds "13"]
[EventCountry "RUS"]
[SourceTitle "CBM 215 Extra"]
[Source "ChessBase"]
[SourceDate "2023.09.30"]
[SourceVersion "1"]
[SourceVersionDate "2023.09.30"]
[SourceQuality "1"]

1. Nf3 Nf6 2. g3 b6 3. Bg2 Bb7 4. 0-0 g6 5. c4 Bg7 6. Nc3 0-0 7. Re1 c5 8. e4 Nc6 9. d3 d6 10. a3 e5 11. Rb1 h6 12. b4 Bc8 13. h3 Kh7 14. bxc5 bxc5 15. Bd2 Nd4 16. Nxd4 cxd4 17. Ne2 Nd7 18. Nc1 Qc7 19. Qc2 Nc5 20. Nb3 Bd7 21. Nxc5 dxc5 22. Rb2 Rfb8 23. Reb1 Rb6 24. Qc1 Rab8 25. h4 Rxb2 26. Rxb2 Rxb2 27. Qxb2 Qb6 28. Qc2 Qa6 29. Qb2 Qb6 30. Qc2 Qa6 31. Qb2 Qb6 32. Qc2 1/2-1/2

[Event "Novorossiysk Small Land Blitz op"]
[Site "Novorossiysk"]
[Date "2023.07.29"]
[Round "5"]
[White "Gutenev, Alexander"]
[Black "Makarian, Rudik"]
[Result "1/2-1/2"]
[WhiteElo "2455"]
[BlackElo "2541"]
[PlyCount "59"]
[EventDate "2023.07.29"]
[EventType "swiss (blitz)"]
[EventRounds "13"]
[EventCountry "RUS"]
[SourceTitle "CBM 215 Extra"]
[Source "ChessBase"]
[SourceDate "2023.09.30"]
[SourceVersion "1"]
[SourceVersionDate "2023.09.30"]
[SourceQuality "1"]

1. e4 c5 2. Nc3 e6 3. Nf3 Nc6 4. d4 cxd4 5. Nxd4 a6 6. Be2 Qc7 7. 0-0 Nf6 8. Be3 Be7 9. f4 d6 10. Kh1 0-0 11. Qe1 Nxd4 12. Bxd4 b5 13. a3 Bb7 14. Qg3 Rac8 15. Bd3 Nh5 16. Qh3 e5 17. fxe5 dxe5 18. Qxh5 exd4 19. Nd5 Bxd5 20. exd5 g6 21. Qg4 Bd6 22. g3 Qc5 23. Qf3 Rce8 24. Rae1 Re3 25. Rxe3 dxe3 26. Kg2 Qd4 27. h4 f5 28. h5 Kg7 29. Re1 Re8 30. h6+ 1/2-1/2

[Event "Novorossiysk Small Land Blitz op"]
[Site "Novorossiysk"]
[Date "2023.07.29"]
[Round "10"]
[White "Khripachenko, Alexander"]
[Black "Gutenev, Alexander"]
[Result "1-0"]
[WhiteElo "2252"]
[BlackElo "2455"]
[PlyCount "73"]
[EventDate "2023.07.29"]
[EventType "swiss (blitz)"]
[EventRounds "13"]
[EventCountry "RUS"]
[SourceTitle "CBM 215 Extra"]
[Source "ChessBase"]
[SourceDate "2023.09.30"]
[SourceVersion "1"]
[SourceVersionDate "2023.09.30"]
[SourceQuality "1"]

1. e4 c5 2. Nf3 Nc6 3. d4 cxd4 4. Nxd4 Nf6 5. Nc3 d6 6. Bc4 e6 7. Be3 Be7 8. Qe2 a6 9. 0-0-0 Qc7 10. Bb3 Na5 11. g4 b5 12. g5 Nxb3+ 13. axb3 Nd7 14. f4 b4 15. Na4 Nc5 16. Nxc5 dxc5 17. Nf3 Bb7 18. Ne5 Bxe4 19. Rd7 Qa5 20. Rhd1 Rd8 21. Rxd8+ Bxd8 22. Nc4 Qc7 23. Nd6+ Kf8 24. Nxe4 Be7 25. Qxa6 g6 26. Qc4 Kg7 27. Nxc5 Rc8 28. Rd7 Qa5 29. Qd4+ Kg8 30. Rxe7 Qa1+ 31. Kd2 Qh1 32. Ne4 Qg2+ 33. Bf2 Qf3 34. Nf6+ Kf8 35. Rd7 e5 36. Rd8+ Kg7 37. Rxc8 1-0

[Event "Catalunya-chT Gp2"]
[Site "Barcelona"]
[Date "2023.02.18"]
[Round "5.2"]
[White "Gutenev, Alexander"]
[Black "Glek, Igor Vladimirovich"]
[Result "1/2-1/2"]
[WhiteElo "2450"]
[BlackElo "2442"]
[PlyCount "57"]
[EventDate "2023.01.21"]
[EventType "team-tourn"]
[EventRounds "7"]
[EventCountry "ESP"]
[SourceTitle "CBM 213 Extra"]
[Source "ChessBase"]
[SourceDate "2023.05.31"]
[SourceVersion "1"]
[SourceVersionDate "2023.05.31"]
[SourceQuality "1"]
[WhiteTeam "Platja D'Aro"]
[BlackTeam "Olot"]
[WhiteTeamCountry "ESP"]
[BlackTeamCountry "ESP"]

1. e4 e6 2. d4 d5 3. Nc3 Nf6 4. e5 Nfd7 5. f4 c5 6. Nf3 Nc6 7. Be3 Be7 8. Qd2 0-0 9. Be2 cxd4 10. Nxd4 Nxd4 11. Bxd4 Nb8 12. Bd3 Nc6 13. Ne2 Nxd4 14. Nxd4 f6 15. 0-0 Bc5 16. c3 Qb6 17. Kh1 Bd7 18. Rae1 f5 19. Bb1 Rac8 20. Rg1 Bxd4 21. cxd4 Rc4 22. Rd1 Be8 23. h3 Bg6 24. b3 Rc6 25. g4 Qd8 26. Rc1 Rxc1 27. Rxc1 Qd7 28. g5 Rc8 29. Rc3 1/2-1/2

[Event "Titled Tuesday intern op 14th Feb Late"]
[Site "Chess.com INT"]
[Date "2023.02.14"]
[Round "3"]
[White "Gutenev, Alexander"]
[Black "Madaminov, Mukhiddin"]
[Result "1/2-1/2"]
[WhiteElo "2455"]
[BlackElo "2436"]
[PlyCount "134"]
[EventDate "2023.02.14"]
[EventType "swiss (blitz)"]
[EventRounds "11"]
[EventCountry "USA"]
[SourceTitle "CBM 212 Extra"]
[Source "ChessBase"]
[SourceDate "2023.03.31"]
[SourceVersion "1"]
[SourceVersionDate "2023.03.31"]
[SourceQuality "1"]

1. e4 e5 2. Nf3 Nc6 3. Bb5 a6 4. Ba4 Nf6 5. d4 Nxe4 6. 0-0 b5 7. Bb3 d5 8. dxe5 Be6 9. c3 Be7 10. Nbd2 0-0 11. Qe2 Nc5 12. Bc2 d4 13. cxd4 Nxd4 14. Nxd4 Qxd4 15. Nf3 Qc4 16. Qxc4 Bxc4 17. Rd1 Rfd8 18. Be3 Bd5 19. Nd4 Ne6 20. Nf5 Bf8 21. a4 c6 22. f3 g6 23. Nh6+ Kg7 24. Ng4 Bc5 25. Kf2 Rab8 26. a5 Bxe3+ 27. Nxe3 Nc5 28. Nxd5 cxd5 29. Rac1 Rbc8 30. b4 Ne6 31. Bb3 Nf4 32. Rxc8 Rxc8 33. g3 Rc3 34. Bxd5 Rc2+ 35. Ke3 Nxd5+ 36. Rxd5 Rxh2 37. Rd7 Kf8 38. Kf4 h6 39. e6 fxe6 40. Ke5 Rh5+ 41. Kxe6 Rf5 42. f4 h5 43. Rd5 Rf7 44. Rd8+ Kg7 45. Ra8 h4 46. gxh4 Rxf4 47. Ke5 Rxh4 48. Rxa6 Rxb4 49. Rb6 Kh6 50. a6 Kg5 51. a7 Ra4 52. Rb7 b4 53. Kd4 Kg4 54. Kc4 g5 55. Kb3 Ra6 56. Kxb4 Kf3 57. Kb5 Ra1 58. Kb6 Rb1+ 59. Kc7 Ra1 60. Kb8 g4 61. a8Q Rxa8+ 62. Kxa8 g3 63. Rf7+ Ke2 64. Kb7 g2 65. Rg7 Kf2 66. Kc6 g1Q 67. Rxg1 Kxg1 1/2-1/2

[Event "Titled Tuesday intern op 14th Feb Late"]
[Site "Chess.com INT"]
[Date "2023.02.14"]
[Round "8"]
[White "Remizov, Yaroslav"]
[Black "Gutenev, Alexander"]
[Result "0-1"]
[WhiteElo "2396"]
[BlackElo "2455"]
[PlyCount "112"]
[EventDate "2023.02.14"]
[EventType "swiss (blitz)"]
[EventRounds "11"]
[EventCountry "USA"]
[SourceTitle "CBM 212 Extra"]
[Source "ChessBase"]
[SourceDate "2023.03.31"]
[SourceVersion "1"]
[SourceVersionDate "2023.03.31"]
[SourceQuality "1"]

1. Nf3 Nf6 2. c4 g6 3. b3 Bg7 4. Bb2 0-0 5. g3 c6 6. Bg2 d5 7. 0-0 Bg4 8. h3 Bxf3 9. Bxf3 Nbd7 10. d4 e6 11. e3 b5 12. cxb5 cxb5 13. Nd2 Qe7 14. a4 b4 15. Qe2 Qd6 16. Rac1 Rfc8 17. Qd3 Bf8 18. e4 dxe4 19. Nxe4 Nxe4 20. Bxe4 Rab8 21. d5 Bg7 22. Bxg7 Kxg7 23. Rc6 Rxc6 24. dxc6 Qxd3 25. Bxd3 Nc5 26. Bb5 a6 27. Rc1 axb5 28. axb5 Ne4 29. c7 Rc8 30. Rc6 Nd6 31. Rxd6 Rxc7 32. Rd4 Kf6 33. Rxb4 Ke5 34. Kg2 Kd5 35. b6 Rb7 36. Kf3 Kc5 37. Rc4+ Kd5 38. Rc7 Rxb6 39. Rxf7 Rxb3+ 40. Kg4 h6 41. Rf6 Rb4+ 42. f4 g5 43. Kh5 gxf4 44. gxf4 Rb3 45. h4 Rg3 46. Kxh6 e5 47. Rf5 Ke4 48. Rxe5+ Kxf4 49. Ra5 Rg1 50. h5 Rg2 51. Kh7 Rg1 52. h6 Rg2 53. Kh8 Rg1 54. h7 Rg2 55. Ra7 Kf5 56. Rg7 Ra2 0-1

[Event "Titled Tuesday intern op 07th Feb Late"]
[Site "Chess.com INT"]
[Date "2023.02.07"]
[Round "6"]
[White "Gutenev, Alexander"]
[Black "Melkumyan, Hrant"]
[Result "0-1"]
[WhiteElo "2455"]
[BlackElo "2645"]
[PlyCount "68"]
[EventDate "2023.02.07"]
[EventType "swiss (blitz)"]
[EventRounds "11"]
[EventCountry "USA"]
[SourceTitle "EXT 2024"]
[Source "ChessBase"]
[SourceDate "2023.10.10"]
[SourceVersion "1"]
[SourceVersionDate "2023.10.10"]
[SourceQuality "1"]

1. e4 c5 2. Nc3 Nc6 3. Bb5 Nd4 4. Nf3 a6 5. Bd3 Nc6 6. 0-0 g6 7. Re1 Bg7 8. b3 d6 9. Bb2 e5 10. a4 Nge7 11. Ne2 0-0 12. c3 h6 13. Bc2 f5 14. d4 fxe4 15. Bxe4 d5 16. Bc2 e4 17. Nd2 cxd4 18. Nxd4 Nxd4 19. cxd4 Nf5 20. Nf1 Nh4 21. Ne3 Be6 22. Qd2 Qg5 23. Kh1 Rf7 24. Ba3 Rc8 25. Rf1 Nxg2 26. Rg1 Bh3 27. Rad1 Nxe3 28. Rxg5 Nxd1 29. Bxd1 hxg5 30. Bd6 Rf5 31. Bg3 Kh7 32. Kg1 g4 33. Be2 Bh6 34. Qd1 Rc1 0-1

[Event "Titled Tuesday intern op 07th Feb Late"]
[Site "Chess.com INT"]
[Date "2023.02.07"]
[Round "8"]
[White "Gutenev, Alexander"]
[Black "Rustemov, Alexander"]
[Result "1-0"]
[WhiteElo "2455"]
[BlackElo "2525"]
[PlyCount "175"]
[EventDate "2023.02.07"]
[EventType "swiss (blitz)"]
[EventRounds "11"]
[EventCountry "USA"]
[SourceTitle "EXT 2024"]
[Source "ChessBase"]
[SourceDate "2023.10.10"]
[SourceVersion "1"]
[SourceVersionDate "2023.10.10"]
[SourceQuality "1"]

1. e4 e6 2. d4 d5 3. Nc3 dxe4 4. Nxe4 Bd7 5. Nf3 Bc6 6. Bd3 Nd7 7. Qe2 Ngf6 8. Ng3 Bxf3 9. Qxf3 c6 10. 0-0 Be7 11. b3 0-0 12. Bb2 Qa5 13. a3 Qg5 14. h3 Bd6 15. Rfe1 Qf4 16. Qe2 Rfe8 17. Rad1 Rad8 18. c4 Qh4 19. Qf3 Qf4 20. Qe2 Qh4 21. Qf3 g6 22. Ne4 Nxe4 23. Rxe4 Qe7 24. b4 Qf6 25. Qe2 Qg5 26. Rg4 Qh5 27. Qd2 Nf6 28. Rg5 Qh4 29. Ra5 a6 30. Qe2 Nd7 31. b5 Bc7 32. Ra4 cxb5 33. cxb5 a5 34. Rc4 Bd6 35. d5 Qe7 36. dxe6 fxe6 37. Rg4 Nf6 38. Rg5 Bf4 39. h4 Bxg5 40. hxg5 Nh5 41. Qe5 Ng7 42. Bc2 Rxd1+ 43. Bxd1 Rd8 44. Bb3 b6 45. Bxe6+ Kh8 46. f4 Re8 47. g4 Qf8 48. f5 gxf5 49. gxf5 Qe7 50. Qf6 Qxf6 51. Bxf6 Rf8 52. Kg2 Rxf6 53. gxf6 Nh5 54. f7 Kg7 55. Kf3 Nf6 56. Kf4 h5 57. Kg5 h4 58. Kxh4 Ne4 59. Kg4 Nc3 60. Bc4 Nb1 61. a4 Nd2 62. Bd3 Nb3 63. Bc2 Nc5 64. Kf4 Kxf7 65. Ke5 Ke7 66. Kd5 Kd7 67. f6 Kc7 68. f7 Nd7 69. Bf5 Nf8 70. Ke5 Kd8 71. Kd6 Nd7 72. Be4 Nf8 73. Bd5 Nd7 74. Be4 Nf8 75. Kc6 Nd7 76. Bd5 Ke7 77. Kc7 Nc5 78. Kxb6 Nxa4+ 79. Kxa5 Nc3 80. Bc4 Ne4 81. b6 Nd6 82. Bd5 Kd7 83. Ka6 Ke7 84. b7 Nxb7 85. Kxb7 Kf8 86. Kc6 Ke7 87. Kc5 Kf8 88. Kd6 1-0

[Event "Titled Tuesday intern op 07th Feb Late"]
[Site "Chess.com INT"]
[Date "2023.02.07"]
[Round "7"]
[White "Kalajzic, Ivan"]
[Black "Gutenev, Alexander"]
[Result "0-1"]
[WhiteElo "2062"]
[BlackElo "2455"]
[PlyCount "96"]
[EventDate "2023.02.07"]
[EventType "swiss (blitz)"]
[EventRounds "11"]
[EventCountry "USA"]
[SourceTitle "EXT 2024"]
[Source "ChessBase"]
[SourceDate "2023.10.10"]
[SourceVersion "1"]
[SourceVersionDate "2023.10.10"]
[SourceQuality "1"]

1. b3 a5 2. a3 c5 3. e3 a4 4. Bb2 axb3 5. cxb3 Nf6 6. Nf3 e6 7. Bb5 Be7 8. 0-0 0-0 9. d3 b6 10. Nbd2 Bb7 11. Re1 Na6 12. d4 Nc7 13. Bd3 d6 14. e4 Nd7 15. e5 d5 16. Nf1 Ba6 17. Bb1 Nb5 18. a4 Nxd4 19. Nxd4 cxd4 20. Bxd4 Bc5 21. Ng3 Qh4 22. Bxc5 bxc5 23. Bd3 Rfb8 24. Bxa6 Rxa6 25. Qc2 Qb4 26. Re3 g6 27. Ne2 d4 28. Re4 Qxb3 29. Qxb3 Rxb3 30. Nc1 Rb4 31. Nd3 Rbxa4 32. Rxa4 Rxa4 33. h4 h5 34. g4 hxg4 35. Rxg4 Kf8 36. h5 gxh5 37. Rg5 c4 38. Nf4 c3 39. Nd3 c2 40. Rxh5 Nc5 41. Nc1 Ra1 42. Kg2 Rxc1 43. Rh8+ Ke7 44. Rc8 Rg1+ 45. Kf3 c1Q 46. Rc7+ Kd8 47. Rd7+ Kxd7 48. Ke2 Qd1# 0-1

[Event "Catalunya-chT Gp2"]
[Site "Barcelona"]
[Date "2023.02.04"]
[Round "3.2"]
[White "Gutenev, Alexander"]
[Black "Aloma Vidal, Roberto"]
[Result "1-0"]
[WhiteElo "2450"]
[BlackElo "2448"]
[PlyCount "101"]
[EventDate "2023.01.21"]
[EventType "team-tourn"]
[EventRounds "7"]
[EventCountry "ESP"]
[SourceTitle "CBM 213 Extra"]
[Source "ChessBase"]
[SourceDate "2023.05.31"]
[SourceVersion "1"]
[SourceVersionDate "2023.05.31"]
[SourceQuality "1"]
[WhiteTeam "Platja D'Aro"]
[BlackTeam "Barcelona Escacs CC"]
[WhiteTeamCountry "ESP"]
[BlackTeamCountry "ESP"]

1. e4 c5 2. Nc3 Nc6 3. Bb5 Nd4 4. Nf3 e6 5. 0-0 a6 6. Bd3 Nc6 7. Re1 d6 8. Bf1 Nf6 9. d4 cxd4 10. Nxd4 Bd7 11. Nxc6 Bxc6 12. Nd5 g6 13. c4 Bg7 14. Be3 0-0 15. Bb6 Qd7 16. Nxf6+ Bxf6 17. Qd2 Bd8 18. Be3 b5 19. Rad1 Qb7 20. Bh6 Re8 21. Qxd6 Bc7 22. Qd4 e5 23. Qe3 Ba5 24. Qf3 Qe7 25. cxb5 axb5 26. Re2 Qh4 27. Rd6 Qxh6 28. Rxc6 Rec8 29. Qf6 Re8 30. g3 Bd8 31. Qd6 Qf8 32. Qd5 Rb8 33. Re3 b4 34. Rf3 Kg7 35. Bc4 f6 36. Kg2 Be7 37. Qe6 Rb7 38. h4 h5 39. Qd5 Ra7 40. Bb3 Rd8 41. Qe6 Rad7 42. Qh3 Kh8 43. g4 hxg4 44. Qxg4 Qh6 45. Be6 Ra7 46. Rg3 Kh7 47. Bf7 Rd6 48. Bxg6+ Kh8 49. Rxd6 Bxd6 50. Qc8+ Kg7 51. Bf5+ 1-0

[Event "Ekaterinburg Scerbin Memorial"]
[Site "Ekaterinburg"]
[Date "2023.01.15"]
[Round "8"]
[White "Chigaev, Maksim"]
[Black "Gutenev, Alexander"]
[Result "1-0"]
[WhiteElo "2632"]
[BlackElo "2450"]
[PlyCount "75"]
[EventDate "2023.01.14"]
[EventType "swiss (rapid)"]
[EventRounds "11"]
[EventCountry "RUS"]
[SourceTitle "CBM 212 Extra"]
[Source "ChessBase"]
[SourceDate "2023.03.31"]
[SourceVersion "1"]
[SourceVersionDate "2023.03.31"]
[SourceQuality "1"]

1. e4 c5 2. Nf3 Nc6 3. Bb5 g6 4. 0-0 Bg7 5. Re1 Nf6 6. c3 0-0 7. h3 Ne8 8. Ba4 Qa5 9. Na3 Nc7 10. Nc4 Qa6 11. Ne3 d6 12. Bc2 Ne5 13. d3 Bd7 14. Nxe5 dxe5 15. Bd2 Rad8 16. a3 Bc6 17. c4 Ne6 18. b4 Be8 19. Nd5 Qd6 20. a4 Bc6 21. a5 Bxd5 22. exd5 Nd4 23. bxc5 Qxc5 24. Rb1 Qc7 25. Be3 Nxc2 26. Qxc2 Rxd5 27. Bxa7 Rd7 28. Rb5 Qd6 29. Reb1 Ra8 30. Be3 Qc6 31. Qb3 h5 32. Rb6 Qc8 33. c5 Rxa5 34. c6 Rd8 35. cxb7 Qb8 36. Rxg6 Rad5 37. Ra6 Rxd3 38. Qxd3 1-0

[Event "Ekaterinburg Scerbin Memorial"]
[Site "Ekaterinburg"]
[Date "2023.01.14"]
[Round "5"]
[White "Gutenev, Alexander"]
[Black "Lysyj, Igor"]
[Result "0-1"]
[WhiteElo "2450"]
[BlackElo "2597"]
[PlyCount "110"]
[EventDate "2023.01.14"]
[EventType "swiss (rapid)"]
[EventRounds "11"]
[EventCountry "RUS"]
[SourceTitle "CBM 212 Extra"]
[Source "ChessBase"]
[SourceDate "2023.03.31"]
[SourceVersion "1"]
[SourceVersionDate "2023.03.31"]
[SourceQuality "1"]

1. e4 e5 2. Nf3 Nc6 3. Bb5 a6 4. Ba4 Nf6 5. d4 exd4 6. 0-0 Be7 7. e5 Ne4 8. Nxd4 0-0 9. Nf5 d5 10. Nxe7+ Nxe7 11. Nd2 Nc5 12. c3 Nxa4 13. Qxa4 Ng6 14. Nf3 Re8 15. Re1 Bf5 16. Bg5 Qc8 17. Rad1 h6 18. Bc1 b5 19. Qd4 Be4 20. b4 Bxf3 21. gxf3 Qf5 22. Qxd5 Nh4 23. Re3 Qg5+ 24. Kf1 Rad8 25. Qb3 Qf5 26. Ke2 Ng6 27. Rxd8 Rxd8 28. Re4 Nxe5 29. Bf4 Nc4 30. Qb1 Kh7 31. Qc1 c6 32. a4 Rd5 33. axb5 cxb5 34. Bg3 Rd2+ 35. Qxd2 Nxd2 36. Kxd2 Qxf3 37. Re3 Qd5+ 38. Rd3 Qa2+ 39. Ke3 Qe6+ 40. Kd2 g5 41. f4 f5 42. Rd4 Qa2+ 43. Kd3 Qb1+ 44. Kd2 Qa2+ 45. Kd3 Kg6 46. Ke3 Qc2 47. Rd3 g4 48. Kd4 Qb3 49. Ke3 Qe6+ 50. Kd2 h5 51. Rd8 Qa2+ 52. Ke3 h4 53. Rd6+ Kf7 54. Bxh4 Qxh2 55. Be1 Qg2 0-1

[Event "RUS-ch Rapid"]
[Site "Sochi"]
[Date "2022.10.16"]
[Round "6"]
[White "Afanasiev, Nikita"]
[Black "Gutenev, Alexander"]
[Result "1/2-1/2"]
[WhiteElo "2569"]
[BlackElo "2448"]
[PlyCount "97"]
[EventDate "2022.10.15"]
[EventType "swiss (rapid)"]
[EventRounds "11"]
[EventCountry "RUS"]
[SourceTitle "CBM 210 Extra"]
[Source "ChessBase"]
[SourceDate "2022.11.30"]
[SourceVersion "1"]
[SourceVersionDate "2022.11.30"]
[SourceQuality "1"]

1. d4 Nf6 2. c4 b6 3. f3 Nc6 4. e4 e5 5. Ne2 exd4 6. Nxd4 Nxd4 7. Qxd4 Bc5 8. Qe5+ Qe7 9. Qxe7+ Kxe7 10. Bf4 d6 11. Nc3 Be6 12. 0-0-0 h6 13. Kc2 a6 14. a3 a5 15. Bd3 c6 16. Na4 Nd7 17. Nxc5 bxc5 18. a4 Ne5 19. Kc3 g5 20. Bg3 f6 21. b3 Rhd8 22. Bc2 d5 23. exd5 cxd5 24. cxd5 Rxd5 25. Bf2 Rc8 26. Rxd5 Bxd5 27. Rd1 Be6 28. Be4 c4 29. b4 Nd3 30. Bxd3 cxd3+ 31. Bc5+ Kf7 32. Rxd3 h5 33. g3 h4 34. gxh4 gxh4 35. Rd4 h3 36. Kd2 Bb3 37. Bb6 axb4 38. Rxb4 Bd5 39. Ke3 Rc2 40. Rd4 Ke6 41. Rd2 Rxd2 42. Kxd2 Bxf3 43. Ke3 Bc6 44. a5 Kf5 45. a6 Kg4 46. a7 f5 47. Bc7 Ba8 48. Bd6 Be4 49. Be5 1/2-1/2